000 00800nam a2200205Ia 4500
003 GCL
008 140319s9999 xx 000 0 ara d
040 _aGCL /
_cGCL
082 0 4 _a709.1
_bو ن
100 1 _aوجدان على
245 1 0 _aالندوة الدولية الثالثة للفنون الاسلاميةمشكلات التربية الفنية فى الدول الاسلامية /
_cوجدان على
260 _a[S.N] :
_bالجمعية الملكية للفنون الجميلة ،
_c1992
300 _a340 ص
490 _aهيئة الفن الاسلامية
_v0
650 0 4 _aالفنون الجميلة
650 0 4 _aالتربية الفنية
650 0 4 _aالعمارة الاسلامية فى الاندلس
650 0 4 _aالفن الاسلامى
942 _2ddc
_cBK
999 _c36076
_d36076